Sąsiedzi Francji (podchwytliwe) - Statystyki

Ogólne statystyki
  • Ten quiz został rozwiązany 892 razy
  • Średni wynik to 10 z 11
Statystyki odpowiedzi
Kontynent Kraj % Poprawnych
Europa Belgia
97%
Europa Hiszpania
97%
Europa Niemcy
97%
Europa Włochy
93%
Europa Luksemburg
91%
Europa Szwajcaria
91%
Ameryka południowa Brazylia
90%
Europa Andora
88%
Europa Monako
81%
Europa Holandia
79%
Ameryka Południowa Surinam
75%
Nie znaleziono quizów pasujących do podanych kryteriów
Rozkład punktacji
Procent ludzi z każdym wynikiem
Percentyl według liczby udzielonych odpowiedzi
Twoja historia wyników
Nie rozwiązałeś tego quizu